00492nam a2200157Ia 45000010006000000050017000060080041000230410008000640820022000721000029000942450173001232600009002963000013003056500008003186540008003262011020260306172742.0260306t2010||||xx |||||||||||||| ||spa|| aESP a342.211bS17 T. 2 aSalmón, ElizabetheAUT 0aLos derechos de los niños y las niñas en la jurisprudencia de la corte interamericana de los derechos humanos:bestándares entorno a su protección y promoción c2010 ac21 cm. aGEN aCDE